Natural disaster : (Record no. 132282)

MARC details
000 -LEADER
fixed length control field 00861nam a22002417a 4500
005 - DATE AND TIME OF LATEST TRANSACTION
control field 20170124110152.0
010 ## - LIBRARY OF CONGRESS CONTROL NUMBER
LC control number B-121872
020 ## - INTERNATIONAL STANDARD BOOK NUMBER
Terms of availability 795.00
International Standard Book Number 9788176488105
035 ## - SYSTEM CONTROL NUMBER
System control number B-121872
037 ## - SOURCE OF ACQUISITION
Source of stock number/acquisition Cen Lib/Ret
040 ## - CATALOGING SOURCE
Original cataloging agency DPL
Language of cataloging EN
082 ## - DEWEY DECIMAL CLASSIFICATION NUMBER
Classification number 658.477
Item number NAT
245 ## - TITLE STATEMENT
Title Natural disaster :
Statement of responsibility, etc edited by R K Sharma [and] Gagandeep Sharma
Remainder of title institutional building for mitigating the impact of vulnerable sections /
260 ## - PUBLICATION, DISTRIBUTION, ETC. (IMPRINT)
Place of publication, distribution, etc New Delhi
Name of publisher, distributor, etc A.P.H. Publishing
Date of publication, distribution, etc 2005
270 ## - ADDRESS
Address 5, Ansari Road, Darya Ganj
City New Delhi
Postal code 110002
300 ## - PHYSICAL DESCRIPTION
Extent xvii,270p. :
Dimensions 22cm(Hb)
Other physical details ill.
500 ## - GENERAL NOTE
General note Includes bibliographical references and index
650 ## - SUBJECT ADDED ENTRY--TOPICAL TERM
Topical term or geographic name as entry element Natural disasters
9 (RLIN) 34211
650 ## - SUBJECT ADDED ENTRY--TOPICAL TERM
Topical term or geographic name as entry element Emergency management
9 (RLIN) 14206
700 ## - ADDED ENTRY--PERSONAL NAME
Personal name R. K. Sharma
9 (RLIN) 34212
700 ## - ADDED ENTRY--PERSONAL NAME
Personal name Gagandeep Sharma
9 (RLIN) 34213
942 ## - ADDED ENTRY ELEMENTS (KOHA)
Source of classification or shelving scheme Dewey Decimal Classification
Koha item type English Books
Classification part 658.477
Call number suffix NAT
Holdings
Withdrawn status Lost status Damaged status Not for loan Home library Current library Date acquired Source of acquisition Cost, normal purchase price Total Checkouts Full call number Barcode Date last seen Copy number Cost, replacement price Price effective from Koha item type
        Central Library Central Library 21/07/2015 Cen Lib/Ret 795.00   658.477 NAT B-121872 21/07/2015 1 795.00 21/07/2015 English Books

© Delhi Public Library
Hit Counter
free hit counter